000 00840nam a22002657a 4500
003 CHAP
005 20220329134559.0
008 971013s1978 r 00010 d
010 _a22493
011 _a23465
035 _a27561
040 _cCHAP
090 _aFolleto 7746
110 _aComisión Coordinadora para el Desarrollo Agrícola y Ganadero del Estado de México
_925665
245 _aReunión distrital de desarrollo rural Ixtlahuaca, Estado de México
260 _a(s.l.) :
_b(s.e.),
_c1978
300 _a20 p.
590 _aBATCH-UPD
_b10
_c20130110
_lUCH01
_h2032
590 _aBATCH-UPD
_b10
_c20130410
_lUCH01
_h1348
590 _aCONVERSION
_b10
_c20130109
_lUCH01
_h1313
650 1 4 _aAgricultura
_zMexico (Edo.).
_91934
901 _aBK
942 _cFOLL
949 _aFolleto 7746
_bBC
_cFOLL
_d-63924
_eTS1
_i27561
_mD
_si
999 _c22493
_d22493